| 000 | 00657cam a22002414a 4500 | ||
|---|---|---|---|
| 999 |
_c140840 _d140840 |
||
| 003 | UPN | ||
| 005 | 20240320063707.0 | ||
| 008 | 090204s1993 es r 000 f spa d | ||
| 020 | _a8426127460 | ||
| 035 | _aUPN01000168734 | ||
| 040 |
_aUPN _bspa _cUPN |
||
| 049 | _aCG | ||
| 050 | 4 |
_aPS2384 E8 _bB4.5 |
|
| 100 | 1 |
_aMelville, Herman, _d1819-1891 _929256 |
|
| 245 | 1 | 0 |
_aBenito Cereno / _cHerman Melville ; tr. Frank Symons. |
| 260 |
_aBarcelona, Esp. : _bJuventud, _c1993 . |
||
| 300 | _a109 p. | ||
| 490 | _aNarrativa breve | ||
| 650 | 4 |
_aNovela estadounidense _94462 |
|
| 650 | 0 |
_aEsclavitud _vNovela _94342 |
|
| 905 | _aLibro | ||
| 942 |
_2lcc _cLIBRO |
||